00533 a2200181 4500260001500000711002000015711002300035100003100058260001200089245004700101300001700148650003300165300003000198260000900228130000700237651002800244711007900272 aPatancheru d25-29 july 1994 cGaborone, Botswana aLEUSCHNER, K.%MANTHE, C.S. bICRISAT aDrought-tolerant crops for southern Africa a xiii-358 p. aCulture%Système de culture bCouv. ill. en coul., ill. c1996 lEn aAfrique du Sud%Botswana aProceedings of the SADC/ICRISAT regional sorghum and pearl millet workshop